000 00588nam a22002177a 4500
005 20170124110216.0
010 _aB-168351
020 _c90.00
035 _aB-168351
037 _bCen Lib/Ret
040 _aDPL
_bEN
082 _a909
_bRAU
100 _aRau, S.
_939181
245 _aWorld history /
_cby S. Rau
260 _aHyderabad
_bRau's IAS study centre
_c2005
270 _bHyderabad
_aVikarabad road, Golkonda
_e500008
300 _aix,179p.
_c21cm(pbk)
650 _aHistory
_939182
650 _aWorld history
_939183
942 _2ddc
_cEN
_h909
_mRAU
999 _c133887
_d133887